000 00879nam a22003497a 4500
005 20260304142837.0
008 170728b2014 xxu||||| |||| 00| 0 spa d
020 _a9789584251664
041 _aESP
082 _a658.8 K63v
100 _aKlaric, Jürgen
_942096
245 _aVéndele a la mente: no a la gente
260 _aColombia
260 _bPlaneta
260 _c2014
300 _a228 páginas
490 _aDirección y Administración de Empresas
650 _aGERENCIA DE MERCADO
650 _aADMINISTRACIÓN
650 _aNEUROCIENCIA
650 _aMERCADEO
650 _aVENDER
650 _aNEUROVENTAS
650 _aVENDEDORES
650 _aINNOVACIÓN
650 _aCLIENTES
650 _aCAPACITADORES
650 _aNEUROTIPS PARA VENDER MEJOR
650 _aNEUROVENTAS ESPECIALIZADA
650 _aMARCAS
942 _cBK
_2ddc
999 _c9682
_d9682